00313nam a2200121Ia 4500008004100000041000800041082001200049100001700061245004500078260002700123300003200150365000900182240624s9999 xx 000 0 und d aeng a658 CAR aCARRISON DAN aFROM THE BUREAU TO THE BOARDROOM 30 MANA c2009aNew YorkbAMACOM aviii, : 264 : p. : cm. ; 23 cb28